Determinación del coeficiente de utilización del motor, de diferentes agregados compuestos en el país en la actualidad y recomendaciones al respecto
Explica la importancia de la utilización de elevar la eficacia y el nivel de la mecanización de la agricultura en dependencia a la gran medida de la implantación de un sistema de máquinas basadas en los alcances de la tecnología progresiva y los avances de la ciencia y la técnica.
| Main Authors: | , |
|---|---|
| Other Authors: | |
| Format: | Tesis Section = Libro |
| Language: | Undetermined Spanish |
| Published: |
Managua
Universidad Nacional Autónoma de Nicaragua (UNAN)
1983
|
| Subjects: |
| LEADER | 01164nam a2200241Ia 4500 | ||
|---|---|---|---|
| 008 | 240830s9999 xx 000 0 und d | ||
| 040 | |a BIBLIOTECA-RUSB/ Mon 631.3 C961 | ||
| 041 | |a spa | ||
| 082 | |a Mon 631.3 C961 | ||
| 100 | 1 | |a Cuadra Morney, Daniel | |
| 100 | 1 | |b Téllez Sahli, Hugo | |
| 245 | 1 | 0 | |a Determinación del coeficiente de utilización del motor, de diferentes agregados compuestos en el país en la actualidad y recomendaciones al respecto |
| 260 | |a Managua |b Universidad Nacional Autónoma de Nicaragua (UNAN) |c 1983 | ||
| 300 | |a 67 p. :il. | ||
| 502 | |a Tesis (Ingeniero Agrícola) - Universidad Nacional Autónoma de Nicaragua (UNAN), 1983. | ||
| 520 | 3 | |a Explica la importancia de la utilización de elevar la eficacia y el nivel de la mecanización de la agricultura en dependencia a la gran medida de la implantación de un sistema de máquinas basadas en los alcances de la tecnología progresiva y los avances de la ciencia y la técnica. | |
| 650 | 7 | |a MAQUINARIAS | |
| 650 | 7 | |b TRACTORES | |
| 650 | 7 | |c INGENIERIA AGRICOLAS I | |
| 700 | 1 | |a Tutor: |b Pozo Armas, Juan Alberto | |
| 942 | |c BK |2 ddc | ||
| 991 | |a TESIS | ||
| 999 | |c 20543 | ||